| 000 | 00474nam a2200157Ia 4500 | ||
|---|---|---|---|
| 008 | 210716s2003 xx 000 0 und d | ||
| 020 | _a007099319X | ||
| 041 | _aeng | ||
| 082 | _a003 GILB | ||
| 100 | _aGillett Billy E. | ||
| 245 | _aIntroduction to operations rresearch: a computer oriented algorithmic approach. | ||
| 250 | _a1 | ||
| 260 |
_aNew Delhi _bTata McGraw Hill Publishing Company Ltd _c2003 |
||
| 300 | _axiii,617 | ||
| 650 | _aSystems,Operation Research(003 | ||
| 999 |
_c186360 _d186360 |
||